00661nam a2200193Ia 4500003000900000008004100009020001800050040001600068080002100084245012000105260004600225300001500271490006100286650004100347650001400388650001300402700002300415700002900438IN-BaIIA211028s9999 xx 000 0 eng d a0-677-22150-9 cIIA Library a524.74(035)bGAL 0aGalaxies and cosmologycedited by V. M. Canuto and Bruce G. Elmegreen  aNew YorkbGordon and Breach Sciencec1988 avii, 885p. aHanbook of astronomy, astrophysics and geophysics; v. II aAstronomy and astrophysics thesaurus aCosmology aGalaxies aCanuto, V. M., ed. aElmegreen, Bruce G., ed.